<?xml version="1.0" encoding="UTF-8"?>
<record
    xmlns:xsi="http://www.w3.org/2001/XMLSchema-instance"
    xsi:schemaLocation="http://www.loc.gov/MARC21/slim http://www.loc.gov/standards/marcxml/schema/MARC21slim.xsd"
    xmlns="http://www.loc.gov/MARC21/slim">

  <leader>00323nam a22001457a 4500</leader>
  <controlfield tag="003">SGT</controlfield>
  <datafield tag="082" ind1=" " ind2=" ">
    <subfield code="a">615.19</subfield>
    <subfield code="b">Q14M</subfield>
  </datafield>
  <datafield tag="100" ind1=" " ind2=" ">
    <subfield code="a">MENDHAM,J</subfield>
  </datafield>
  <datafield tag="245" ind1=" " ind2=" ">
    <subfield code="a">TEXT BOOK OF  QUALITATIVE CHEMICAL ANALYSIS</subfield>
  </datafield>
  <datafield tag="250" ind1=" " ind2=" ">
    <subfield code="a">6TH</subfield>
  </datafield>
  <datafield tag="260" ind1=" " ind2=" ">
    <subfield code="a">DELHI</subfield>
    <subfield code="b">PEARSON</subfield>
    <subfield code="c">2014</subfield>
  </datafield>
  <datafield tag="300" ind1=" " ind2=" ">
    <subfield code="a">790</subfield>
  </datafield>
  <datafield tag="650" ind1=" " ind2=" ">
    <subfield code="a">CHEMICAL ANALYSIS</subfield>
  </datafield>
  <datafield tag="942" ind1=" " ind2=" ">
    <subfield code="2">ddc</subfield>
    <subfield code="c">BK</subfield>
    <subfield code="0">13</subfield>
  </datafield>
  <datafield tag="952" ind1=" " ind2=" ">
    <subfield code="0">0</subfield>
    <subfield code="1">0</subfield>
    <subfield code="2">ddc</subfield>
    <subfield code="4">0</subfield>
    <subfield code="7">0</subfield>
    <subfield code="8">FP</subfield>
    <subfield code="a">APL</subfield>
    <subfield code="b">APL</subfield>
    <subfield code="c">REF</subfield>
    <subfield code="d">2016-04-07</subfield>
    <subfield code="e">AHUJA</subfield>
    <subfield code="g">865.00</subfield>
    <subfield code="i">SGTU</subfield>
    <subfield code="l">6</subfield>
    <subfield code="o">615.19 Q14M</subfield>
    <subfield code="p">FP1746</subfield>
    <subfield code="r">2016-12-05 00:00:00</subfield>
    <subfield code="s">2016-11-26</subfield>
    <subfield code="w">2016-03-16</subfield>
    <subfield code="y">BK</subfield>
    <subfield code="k">6742</subfield>
  </datafield>
  <datafield tag="952" ind1=" " ind2=" ">
    <subfield code="0">0</subfield>
    <subfield code="1">0</subfield>
    <subfield code="2">ddc</subfield>
    <subfield code="4">0</subfield>
    <subfield code="7">0</subfield>
    <subfield code="8">FP</subfield>
    <subfield code="a">APL</subfield>
    <subfield code="b">APL</subfield>
    <subfield code="c">TXT</subfield>
    <subfield code="d">2016-04-07</subfield>
    <subfield code="e">AHUJA</subfield>
    <subfield code="g">865.00</subfield>
    <subfield code="i">SGTU</subfield>
    <subfield code="l">17</subfield>
    <subfield code="o">615.19 Q14M</subfield>
    <subfield code="p">FP1747</subfield>
    <subfield code="r">2024-01-13 00:00:00</subfield>
    <subfield code="s">2023-09-07</subfield>
    <subfield code="w">2016-03-16</subfield>
    <subfield code="y">BK</subfield>
    <subfield code="k">6742</subfield>
  </datafield>
  <datafield tag="952" ind1=" " ind2=" ">
    <subfield code="0">0</subfield>
    <subfield code="1">0</subfield>
    <subfield code="2">ddc</subfield>
    <subfield code="4">0</subfield>
    <subfield code="7">0</subfield>
    <subfield code="8">FP</subfield>
    <subfield code="a">APL</subfield>
    <subfield code="b">APL</subfield>
    <subfield code="c">REF</subfield>
    <subfield code="d">2016-04-07</subfield>
    <subfield code="e">AHUJA</subfield>
    <subfield code="g">865.00</subfield>
    <subfield code="i">SGTU</subfield>
    <subfield code="o">615.19 Q14M</subfield>
    <subfield code="p">FP1748</subfield>
    <subfield code="r">2016-04-07 00:00:00</subfield>
    <subfield code="w">2016-03-16</subfield>
    <subfield code="y">BK</subfield>
    <subfield code="k">6742</subfield>
  </datafield>
  <datafield tag="952" ind1=" " ind2=" ">
    <subfield code="0">0</subfield>
    <subfield code="1">0</subfield>
    <subfield code="2">ddc</subfield>
    <subfield code="4">0</subfield>
    <subfield code="7">0</subfield>
    <subfield code="8">FP</subfield>
    <subfield code="a">APL</subfield>
    <subfield code="b">APL</subfield>
    <subfield code="c">TXT</subfield>
    <subfield code="d">2016-04-07</subfield>
    <subfield code="e">AHUJA</subfield>
    <subfield code="g">865.00</subfield>
    <subfield code="i">SGTU</subfield>
    <subfield code="l">24</subfield>
    <subfield code="o">615.19 Q14M</subfield>
    <subfield code="p">FP1749</subfield>
    <subfield code="r">2024-08-20 00:00:00</subfield>
    <subfield code="s">2024-08-20</subfield>
    <subfield code="w">2016-03-16</subfield>
    <subfield code="y">BK</subfield>
    <subfield code="k">6742</subfield>
  </datafield>
  <datafield tag="952" ind1=" " ind2=" ">
    <subfield code="0">0</subfield>
    <subfield code="1">0</subfield>
    <subfield code="2">ddc</subfield>
    <subfield code="4">0</subfield>
    <subfield code="7">0</subfield>
    <subfield code="8">FP</subfield>
    <subfield code="a">APL</subfield>
    <subfield code="b">APL</subfield>
    <subfield code="c">TXT</subfield>
    <subfield code="d">2016-04-07</subfield>
    <subfield code="e">AHUJA</subfield>
    <subfield code="g">865.00</subfield>
    <subfield code="i">SGTU</subfield>
    <subfield code="l">8</subfield>
    <subfield code="o">615.19 Q14M</subfield>
    <subfield code="p">FP1750</subfield>
    <subfield code="r">2023-02-10 00:00:00</subfield>
    <subfield code="s">2023-01-31</subfield>
    <subfield code="w">2016-03-16</subfield>
    <subfield code="y">BK</subfield>
    <subfield code="k">6742</subfield>
  </datafield>
  <datafield tag="999" ind1=" " ind2=" ">
    <subfield code="c">8768</subfield>
    <subfield code="d">8768</subfield>
  </datafield>
</record>
